000 00203 a2200097 4500
001 18409
100 _aKufner A
245 _aFourier series
260 _a
_bIliffe book co
_c1971
090 _c13669
_d13669
942 _aNUST-CAE
_cM
_c4079
999 _c253482
_d253482